000 00685cam a2200217 i 4500
001 18571249
005 20260424115413.0
008 150410s2016 nyua 000 0 eng
020 _a9781138819979
_qpbk.
050 0 0 _aPN1991.75
_b.M34 2016
082 0 0 _a791.4402/32
_223
100 1 _aMcLeish, Robert,
_eauthor.
245 1 0 _aRadio production /
_cRobert McLeish and Jeff Link.
250 _aSixth edition.
260 _aNew York
_bFocal Press
_c2016
300 _axvi, 418 pages :
_billustrations ;
_c24 cm
650 0 _aRadio
_xProduction and direction.
650 0 _aRadio plays
_xProduction and direction.
700 1 _aLink, Jeff,
_d1946-
_eauthor.
942 _2lcc
_cBK
_e6th Ed.
_n0
999 _c9605
_d9605